| Tag |
First Indicator |
Second Indicator |
Subfields |
| LEADER |
00000cas a2200000 a 4500 |
| 001 |
in00001299621 |
| 005 |
20151005051246.0 |
| 008 |
921027c19799999ja fr p 0 a0eng d |
| 010 |
|
|
|a sn 95031938
|
| 022 |
|
|
|a 0915-9169
|
| 035 |
|
|
|a (OCoLC)26865646
|
| 035 |
|
|
|9 AHA6407AM
|
| 040 |
|
|
|a RRR
|c RRR
|d HUL
|d UtOrBLW
|
| 042 |
|
|
|a lcd
|
| 049 |
|
|
|a TXAE
|
| 050 |
1 |
4 |
|a PR251
|b .M43
|
| 245 |
0 |
0 |
|a Medieval English studies newsletter.
|
| 246 |
1 |
3 |
|a MESN
|
| 264 |
|
1 |
|a Tokyo :
|b Published by the Centre for Medieval English Studies, College of Arts and Sciences, University of Tokyo.
|
| 300 |
|
|
|a volumes :
|b illustrations ;
|c 21 cm.
|
| 310 |
|
|
|a Semiannual
|
| 336 |
|
|
|a text
|b txt
|2 rdacontent
|
| 337 |
|
|
|a unmediated
|b n
|2 rdamedia
|
| 338 |
|
|
|a volume
|b nc
|2 rdacarrier
|
| 362 |
1 |
|
|a Began with: No. 1 (Dec. 1979).
|
| 500 |
|
|
|a Description based on: Number 32 (June 1995); title from cover.
|
| 500 |
|
|
|a Evans description based on: number 16 (July 1987).
|
| 650 |
|
0 |
|a English literature
|y Middle English, 1100-1500
|x History and criticism
|x Periodicals.
|
| 650 |
|
0 |
|a English language
|y Middle English, 1100-1500
|x Periodicals.
|
| 710 |
2 |
|
|a Tōkyō Daigaku.
|b Centre for Mediaeval English Studies.
|
| 948 |
|
|
|a Inactive Gift from Dr. J. Harner
|
| 999 |
|
|
|a MARS
|
| 999 |
f |
f |
|s 73af502e-08a3-3149-98a8-ca7c92ad7555
|i ff93a942-1408-3dd3-835a-1ede9a25a5b9
|t 0
|
| 952 |
f |
f |
|a Texas A&M University
|b College Station
|c Sterling C. Evans Library
|d Evans: Library Stacks
|e PR251 .M43
|h Library of Congress classification
|i unmediated -- volume
|k no.23-26
|l 1990-1992:Dec.-June
|m A14835068789
|p serial
|s Evans stk
|t 0
|
| 952 |
f |
f |
|a Texas A&M University
|b College Station
|c Sterling C. Evans Library
|d Evans: Library Stacks
|e PR251 .M43
|h Library of Congress classification
|i unmediated -- volume
|k no.36-39
|l 1997-1998:June-Dec.
|m A14835068860
|p serial
|s Evans stk
|t 0
|
| 952 |
f |
f |
|a Texas A&M University
|b College Station
|c Sterling C. Evans Library
|d Evans: Library Stacks
|e PR251 .M43
|h Library of Congress classification
|i unmediated -- volume
|k no.31-34
|l 1994-1996:Dec.-Dec.
|m A14835068828
|p serial
|s Evans stk
|t 0
|
| 952 |
f |
f |
|a Texas A&M University
|b College Station
|c Sterling C. Evans Library
|d Evans: Library Stacks
|e PR251 .M43
|h Library of Congress classification
|i unmediated -- volume
|k no.16 -no.20
|l 1987-1989
|m A14819930683
|p serial
|s Evans stk
|t 0
|
| 998 |
f |
f |
|a PR251 .M43
|s no.36-39 (1997-1998:June-Dec.)
|t 0
|l Evans: Library Stacks
|